000 00639nam a2200241Ia 4500
003 OSt
005 20221007081320.0
006 a|||||r|||| 00| 0
007 ta
008 221006b |||||||| |||| 00| 0 eng d
020 _a9780199673698
024 _a45,069
037 _cTextual
040 _aFLL
_cFLL
_beng
041 _2eng
_aeng
082 _aWxI69, Q4
100 _aCESA Marco
_9456209
245 0 _aMachiavelli on international relations
260 _aNew York
_bOxford University Press USA
_c2014
300 _axiv,214p.
_ccm.
942 _hWxI69, Q4
_cTEXL
_2CC
999 _c1162716
_d1162716